000 00389nam a2200157Ia 4500
003 Ost
005 20260225132554.0
008 260225s9999||||xx |||||||||||||| ||und||
040 _cfsic
041 _afre
082 _a440
100 _aJosé de broucker
_eAuteur
245 0 _aPratique de l'information et écritures journalistiques /
245 0 _cJosé de broucker
942 _cكتاب
999 _c34318
_d34318